Gares parisiennes - Mort Subite - Statistiques

Statistiques générales
  • Ce quiz a été pris 276 fois
  • Le résultat moyen est 6 sur 7
Answers on the Grid
Answers color-coded by a green-red scale on the quiz's grid according to % correct below.
Gare Saint-Lazare
Gare du Nord
Gare de l'Est
Gare d'Austerlitz
Gare de Lyon
Gare Montparnasse
Gare de Bercy
Gare de l'Ouest
Gare du Sud
Gare d'Orsay
Gare du Lion
Gare de la Bastille
Gare de Reuilly
Gare de Grenelle
Gare de la Madeleine
 
Statistiques - réponses
Réponse % Correct
Gare Montparnasse
93%
Gare de Lyon
92%
Gare du Nord
91%
Gare d'Austerlitz
90%
Gare Saint-Lazare
88%
Gare de l'Est
86%
Gare de Bercy
73%
Aucun quiz correspondant
Distribution des résultats
% des personnes avec chaque résultat
Percentile par nombre de réponses
Votre historique - résultats
Vous n’avez pas pris ce quiz